<?xml version="1.0" encoding="UTF-8"?>
<record
    xmlns:xsi="http://www.w3.org/2001/XMLSchema-instance"
    xsi:schemaLocation="http://www.loc.gov/MARC21/slim http://www.loc.gov/standards/marcxml/schema/MARC21slim.xsd"
    xmlns="http://www.loc.gov/MARC21/slim">

  <leader>02226nab a22003017a 4500</leader>
  <datafield tag="999" ind1=" " ind2=" ">
    <subfield code="c">5405</subfield>
    <subfield code="d">5405</subfield>
  </datafield>
  <controlfield tag="003">OSt</controlfield>
  <controlfield tag="005">20250311134444.0</controlfield>
  <controlfield tag="008">190604e        xxu||||| |||| 00| 0 spa d</controlfield>
  <datafield tag="040" ind1=" " ind2=" ">
    <subfield code="c">PJ</subfield>
  </datafield>
  <datafield tag="100" ind1=" " ind2=" ">
    <subfield code="9">6431</subfield>
    <subfield code="a">Romano, Francisco Javier</subfield>
  </datafield>
  <datafield tag="245" ind1="1" ind2="0">
    <subfield code="a">Ley Bases :</subfield>
    <subfield code="b">an&#xE1;lisis cr&#xED;tico de las reformas a la Ley de Hidrocarburos /</subfield>
    <subfield code="c">Francisco Javier Romano.</subfield>
  </datafield>
  <datafield tag="260" ind1=" " ind2=" ">
    <subfield code="a">Ciudad Aut&#xF3;noma de Buenos Aires :</subfield>
    <subfield code="b">Thomson Reuters La Ley, </subfield>
    <subfield code="c">2024.</subfield>
  </datafield>
  <datafield tag="300" ind1=" " ind2=" ">
    <subfield code="a">p. 37-74</subfield>
  </datafield>
  <datafield tag="500" ind1=" " ind2=" ">
    <subfield code="a">Cita Online: TR LALEY AR/DOC/1831/2024.</subfield>
  </datafield>
  <datafield tag="505" ind1=" " ind2=" ">
    <subfield code="a">I. Introducci&#xF3;n.&#x2014; II. Reformas a la Ley de Hidrocarburos en la Ley de Bases: nuevos objetivos de pol&#xED;tica nacional.&#x2014; III. Libertad de precios y exportaciones. Persistencia de derechos de exportaci&#xF3;n.&#x2014; IV. Exportaciones de LNG. Reforma de la ley del gas y caso particular de la exportaci&#xF3;n estrat&#xE9;gica a largo plazo en el r&#xE9;gimen de incentivos a las grandes inversiones.&#x2014; IV. RIGI. Proyectos de inversi&#xF3;n.&#x2014; V. Modos de adquisici&#xF3;n de nuevas concesiones de explotaci&#xF3;n en el derecho argentino. Regla general: pliegos, plazos y pr&#xF3;rrogas; procedimiento y criterio de adjudicaci&#xF3;n.&#x2014; VI. Modos de adquisici&#xF3;n de nuevas concesiones en el derecho argentino. Casos excepcionales: reconversi&#xF3;n por subdivisi&#xF3;n de &#xE1;reas, unificaci&#xF3;n de &#xE1;reas adyacentes y coexistencia de operaciones convencionales y no convencionales.&#x2014; VII. Plazos.&#x2014; VIII. Status de las concesiones existentes. Pr&#xF3;rrogas.&#x2014; IX. Autorizaciones de transporte y habilitaciones de procesamiento y de almacenamiento subterr&#xE1;neo.&#x2014; X. Conclusiones.
</subfield>
  </datafield>
  <datafield tag="505" ind1=" " ind2=" ">
    <subfield code="t">&#xBF;Te interesa el texto completo? Solicitalo al correo: koha@justierradelfuego.gov.ar
</subfield>
  </datafield>
  <datafield tag="650" ind1=" " ind2="0">
    <subfield code="9">3979</subfield>
    <subfield code="a">HIDROCARBUROS</subfield>
  </datafield>
  <datafield tag="650" ind1=" " ind2="0">
    <subfield code="9">6432</subfield>
    <subfield code="a">EXPLOTACION DE HIDROCARBUROS</subfield>
  </datafield>
  <datafield tag="650" ind1=" " ind2="0">
    <subfield code="9">4682</subfield>
    <subfield code="a">GAS</subfield>
  </datafield>
  <datafield tag="650" ind1=" " ind2="0">
    <subfield code="9">6433</subfield>
    <subfield code="a">REGAL&#xCD;AS PETROL&#xCD;FERAS</subfield>
  </datafield>
  <datafield tag="650" ind1=" " ind2="0">
    <subfield code="9">1497</subfield>
    <subfield code="a">CODIGO CIVIL Y COMERCIAL</subfield>
  </datafield>
  <datafield tag="650" ind1=" " ind2="0">
    <subfield code="9">4429</subfield>
    <subfield code="a">EMPLEO NO REGISTRADO</subfield>
  </datafield>
  <datafield tag="650" ind1=" " ind2="0">
    <subfield code="9">4925</subfield>
    <subfield code="a">ORGANIZACION INTERNACIONAL DEL TRABAJO</subfield>
  </datafield>
  <datafield tag="650" ind1=" " ind2="0">
    <subfield code="9">1576</subfield>
    <subfield code="a">DISCRIMINACION</subfield>
  </datafield>
  <datafield tag="650" ind1=" " ind2="0">
    <subfield code="9">234</subfield>
    <subfield code="a">DERECHO COMPARADO</subfield>
  </datafield>
  <datafield tag="773" ind1="0" ind2=" ">
    <subfield code="0">2714</subfield>
    <subfield code="9">3171</subfield>
    <subfield code="d">Ciudad Aut&#xF3;noma de Buenos Aires : Thomson Reuters La Ley, 2014-</subfield>
    <subfield code="t">Revista anales de legislaci&#xF3;n argentina. N&#xBA; 8 - Agosto 2024.</subfield>
  </datafield>
  <datafield tag="942" ind1=" " ind2=" ">
    <subfield code="2">udc</subfield>
    <subfield code="c">ANA</subfield>
  </datafield>
</record>
